|
|
|
|
| LEADER |
00000cam a22000004a 4500 |
| 001 |
musev2_102406 |
| 003 |
MdBmJHUP |
| 005 |
20230905053722.0 |
| 006 |
m o d |
| 007 |
cr||||||||nn|n |
| 008 |
970204s1997 azu o 00 0 eng d |
| 020 |
|
|
|a 9780816551378
|
| 020 |
|
|
|z 9780816516896
|
| 035 |
|
|
|a (OCoLC)1343190530
|
| 040 |
|
|
|a MdBmJHUP
|c MdBmJHUP
|
| 245 |
0 |
0 |
|a Olmec to Aztec :
|b Settlement Patterns in the Ancient Gulf Lowlands /
|c edited by Barbara L. Stark and Philip J. Arnold III.
|
| 264 |
|
1 |
|a Tucson :
|b University of Arizona Press,
|c 1997.
|
| 264 |
|
3 |
|a Baltimore, Md. :
|b Project MUSE,
|c 2022
|
| 264 |
|
4 |
|c ©1997.
|
| 300 |
|
|
|a 1 online resource:
|b ill.
|
| 336 |
|
|
|a text
|b txt
|2 rdacontent
|
| 337 |
|
|
|a computer
|b c
|2 rdamedia
|
| 338 |
|
|
|a online resource
|b cr
|2 rdacarrier
|
| 588 |
|
|
|a Description based on print version record.
|
| 650 |
|
7 |
|a Land settlement patterns, Prehistoric.
|2 fast
|0 (OCoLC)fst00991341
|
| 650 |
|
7 |
|a Indians of Mexico
|x Antiquities.
|2 fast
|0 (OCoLC)fst00969517
|
| 650 |
|
7 |
|a Antiquities.
|2 fast
|0 (OCoLC)fst00810745
|
| 650 |
|
7 |
|a SOCIAL SCIENCE / General
|2 bisacsh
|
| 650 |
|
0 |
|a Indians of Mexico
|x Antiquities.
|
| 650 |
|
0 |
|a Land settlement patterns, Prehistoric
|z Mexico.
|
| 651 |
|
7 |
|a Mexico.
|2 fast
|0 (OCoLC)fst01211700
|
| 651 |
|
0 |
|a Mexico
|x Antiquities.
|
| 655 |
|
7 |
|a Electronic books.
|2 local
|
| 700 |
1 |
|
|a Stark, Barbara L.
|
| 700 |
1 |
|
|a Arnold, Philip J.
|
| 710 |
2 |
|
|a Project Muse.
|e distributor.
|
| 710 |
2 |
|
|a Project Muse.
|e distributor
|
| 830 |
|
0 |
|a Book collections on Project MUSE.
|
| 856 |
4 |
0 |
|z Texto completo
|u https://projectmuse.uam.elogim.com/book/102406/
|
| 945 |
|
|
|a Project MUSE - Custom Collection
|